| 000 | 00719nam a2200205 i 4500 | ||
|---|---|---|---|
| 001 | 50313 | ||
| 003 | ES-MaACL | ||
| 005 | 20231030183223.0 | ||
| 007 | t| | ||
| 008 | 030801m19011912xxu ||||1| eng d | ||
| 100 | 1 |
_aCrozier, John Beattie ( _d1849-1921) _941758 |
|
| 245 | 1 | 0 |
_aHistory of intellectual development _b: on the lines of modern evolution / _cby John Beattie Crozier. |
| 260 |
_aNew York [etc.] : _bLongmans, Green, and co., 1901-1912. |
||
| 300 |
_a3 v. ; _c22 cm. |
||
| 500 | _aFalta el vol. II. | ||
| 595 | _aEl vol. 1º es del año 1912 (new impression) y el vol. 3º de 1901. | ||
| 650 | 0 | 4 |
_aCivilización- _xHistoria _911082 |
| 852 |
_aES-MaACL _jD-1105-06 |
||
| 999 |
_c50313 _d50313 |
||